00582nam a2200193Ia 4500008004100000020001400041082001600055100001900071245003900090250000700129260003700136300002700173500001900200600002000219650002000239942000700259952010700266999001500373240925s9999 xx 000 0 und d a205139825 a340.115 TUR aTurkel ,Gerald 0aLaw and Society: critical approach aNA aBoston:bAllyn and Baconc,1995. avi,245p.bNAfOriginal aIncludes Index aSocial Sciences aSocial Sciences cBK 001040708SSaUITUbUITUd2000-08-16eNAl0o340.115 TURpQ2896r2024-09-25 07:12:57w2024-09-25yBK c5395d5395